| 000 | 00437nab a2200145Ia 4500 | ||
|---|---|---|---|
| 003 | ES-SlBCS | ||
| 005 | 20210601133828.0 | ||
| 008 | 140529s1994 xxu||||| |||| 00| 0 por d | ||
| 041 | _apor | ||
| 100 | 1 |
_aSouza, Nelson de Mello e _9210262 |
|
| 245 | 0 | 0 |
_aSociologia e ética _c Nelson de Mello e Souza |
| 650 | 0 | 4 |
_aÉtica-Sociología _9210263 |
| 773 | 0 |
_tPresença Filosofica _gvol. 19, nº. 1-2, 1994, págs. 15-26 _wRev966 |
|
| 942 | _cAR | ||
| 999 |
_c602766 _d602766 |
||